00890nam a2200229Ia 4500001001000000003000500010008004100015010001100056040000900067100004000076245018400116260003400300300001000334502008400344650004600428650003500474650002300509650002800532650002600560650002400586710005000610Para_9159CHAP220125s2006 xx 000 0 und d a207892 cCHAP aRangel Jiménez, Valentina Antonia aDeterminación, patogenicidad y biocontrol de la pudrición de raíz, cuello y marchitez del chile manzano (Capsicum pubescens R & P) /c por Valentina Antonia Rangel Jiménez aChapingo, Méx. :b el autor a84 h. aTesis (M.C. Protección Vegetal) UACh. Departamento Parasitología Agrícola 0aChile manzano x Enfermedades por hongos  aControl biológico de hongos  aFusarium oxysporum aHongos fitopatógenos  aPhytophthora capsici  aRhizoctonia solani  aUACh. Departamento Parasitología Agrícola